000 00558nam a2200193Ii 4500
003 JO-AjNU
008 230605s9999||||xx |||||||||||||| ||und||
040 _aJO-AjNU
_bara
_erda
_cJO-AjNU
041 _aara
050 1 4 _aJS67.S24.2011
100 3 _a فوزي، صلاح الدين ,
_eauthor
_944715
245 0 0 _aالإدارة المحلية
250 _a(د،ط)
300 _a303ص
336 _atext
_btxt
_2rdacontent
337 _aunmediated
_bn
_2rdamedia
338 _avolume
_bnc
_2rdacarrier
650 4 _aالادارة المحلية
_944716
999 _aA19328
_c22896
_d22896